Evaluación de proyectos de inversión en la empresa.

Uloženo v:
Podrobná bibliografie
Hlavní autor: Sapag Chain, Nassir (Autor)
Médium: Kniha
Jazyk:španělština
Vydáno: Buenos Aires, Argentina : Prentice Hall, 2001.
Témata:
Tagy: Přidat tag
Žádné tagy, Buďte první, kdo vytvoří štítek k tomuto záznamu!

MARC

LEADER 00000nam a2200000 a 4500
001 UCN0514
003 CL-VaPUC
005 20250318163545.0
008 010323e20010000AG |||||||||||||||||spa|d
999 |c 294261  |d 294259 
020 |a 987-9460-19-7 
040 |c Pontificia Universidad Católica de Valparaíso 
082 0 4 |a 658.404 SAP 2001  |2 21 
100 0 |a Sapag Chain, Nassir  |e author  |9 455777 
245 1 0 |a Evaluación de proyectos de inversión en la empresa. 
260 |a Buenos Aires, Argentina :  |b Prentice Hall,  |c 2001. 
300 |a 412 páginas. 
500 |a c.13. Donación BIBNEG Memo Nº1. 7-1-2025. 
583 |a last modification  |c 20140410 07:21:04  |k Rodrigo Vera 
650 0 |a Evaluación de proyectos   |9 259341 
650 0 |a Proyectos de inversión   |9 261065 
650 0 |a Administración de empresas   |9 260833 
942 |c BK  |2 ddc 
945 |d 20010323 00:00:00  |a vberengu 
952 |0 0  |1 0  |4 0  |6 658_404000000000000_SAP_2001  |7 0  |8 R  |9 346390  |a BIBENE  |b BIBENE  |d 2019-11-20  |i 3696383  |l 5  |m 1  |o 658.404 SAP 2001  |p 3696383  |r 2025-01-15  |s 2024-06-24  |w 2019-11-20  |y BK_R  |k ICO 
952 |0 0  |1 0  |4 0  |6 658_404000000000000_SAP_2001  |7 0  |8 A  |9 346391  |a BIBMEC  |b BIBMEC  |d 2019-11-20  |i 3839605  |o 658.404 SAP 2001  |p 3839605  |r 2024-01-19  |w 2019-11-20  |y BK  |k MEC 
952 |0 0  |1 0  |4 0  |6 658_404000000000000_SAP_2001  |7 0  |8 R  |9 346392  |a BIBENE  |b BIBENE  |d 2019-11-20  |i 406660K  |l 6  |m 1  |o 658.404 SAP 2001  |p 406660K  |r 2025-01-15  |s 2024-11-13  |w 2019-11-20  |y BK_R  |k ICO 
952 |0 0  |1 0  |4 0  |6 658_404000000000000_SAP_2001  |7 0  |8 R  |9 346393  |a BIBENE  |b BIBENE  |d 2019-11-20  |i 4066618  |l 3  |m 1  |o 658.404 SAP 2001  |p 4066618  |r 2025-01-15  |s 2024-11-13  |w 2019-11-20  |y BK_R  |k ICO 
952 |0 0  |1 0  |4 0  |6 658_404000000000000_SAP_2001  |7 0  |8 R  |9 346394  |a BIBENE  |b BIBENE  |d 2019-11-20  |i 4066626  |o 658.404 SAP 2001  |p 4066626  |r 2025-01-15  |w 2019-11-20  |y BK_R  |k ICO 
952 |0 0  |1 0  |4 0  |6 658_404000000000000_SAP_2001  |7 0  |8 R  |9 346395  |a BIBENE  |b BIBENE  |d 2019-11-20  |i 4066634  |o 658.404 SAP 2001  |p 4066634  |r 2025-01-15  |w 2019-11-20  |y BK_R  |k ICO 
952 |0 0  |1 0  |2 ddc  |4 0  |6 658_404000000000000_SAP_2001  |7 0  |8 A  |9 346396  |a BIBING  |b BIBING  |c RES  |d 2019-11-20  |i 4288904  |o 658.404 SAP 2001  |p 4288904  |r 2025-01-20  |w 2019-11-20  |y BK  |k CCI 
952 |0 0  |1 0  |2 ddc  |4 0  |6 658_404000000000000_SAP_2001  |7 0  |8 A  |9 346397  |a BIBING  |b BIBING  |c RES  |d 2019-11-20  |i 4288912  |o 658.404 SAP 2001  |p 4288912  |r 2025-01-20  |w 2019-11-20  |y BK  |k CCI 
952 |0 0  |1 0  |2 ddc  |4 0  |6 658_404000000000000_SAP_2001  |7 0  |8 A  |9 346398  |a BIBING  |b BIBING  |c RES  |d 2019-11-20  |i 4288920  |o 658.404 SAP 2001  |p 4288920  |r 2025-01-20  |w 2019-11-20  |y BK  |k CCI 
952 |0 0  |1 0  |2 ddc  |4 0  |6 658_404000000000000_SAP_2001  |7 0  |8 A  |9 346399  |a BIBING  |b BIBING  |c RES  |d 2019-11-20  |i 4288939  |o 658.404 SAP 2001  |p 4288939  |r 2025-01-20  |w 2019-11-20  |y BK  |k CCI 
952 |0 0  |1 0  |2 ddc  |4 0  |6 658_404000000000000_SAP_2001  |7 0  |8 A  |9 346400  |a BIBING  |b BIBING  |c RES  |d 2019-11-20  |i 4288947  |o 658.404 SAP 2001  |p 4288947  |r 2025-01-20  |w 2019-11-20  |y BK  |k CCI 
952 |0 0  |1 0  |2 ddc  |4 0  |6 658_404000000000000_SAP_2001  |7 0  |8 A  |9 346401  |a BIBING  |b BIBING  |c RES  |d 2019-11-20  |i 4765990  |o 658.404 SAP 2001  |p 4765990  |r 2025-01-20  |w 2019-11-20  |y BK  |k EII 
952 |0 0  |1 0  |2 ddc  |4 0  |6 658_404000000000000_SAP_2001  |7 0  |8 R  |9 601498  |a BIBENE  |b BIBENE  |d 2025-03-18  |e Donación   |i 5666391  |o 658.404 SAP 2001  |p 5666391  |r 2025-03-18  |t 13  |w 2019-11-20  |y BK_R  |k ICO